Statistics for Best Disney Channel Shows

Click here to take the quiz!

General Stats

  • This quiz has been taken 312 times
  • The average score is 4 of 11

Answer Stats

HintAnswer% Correct
Hannah Montana
80%
That's So Raven
70%
Lizzie McGuire
51%
Even Stevens
39%
Kim Possible
38%
Phil of the Future
30%
The Suite Life of Zack and Cody
29%
Boy Meets World
16%
Life With Derek
13%
Sister Sister
5%
Smart Guy
3%

Score Distribution

Percentile by Number Answered

Percent of People with Each Score

Your Score History

You have not taken this quiz